HANDBOOK OF HIGHWAY ENGINEERING / (Record no. 588363)
[ view plain ]
| 000 -LEADER | |
|---|---|
| fixed length control field | 00334nam a22001457a 4500 |
| 020 ## - INTERNATIONAL STANDARD BOOK NUMBER | |
| Qualifying information | HB. |
| 040 ## - CATALOGING SOURCE | |
| Transcribing agency | FIZZA ISHAQ |
| 082 ## - DEWEY DECIMAL CLASSIFICATION NUMBER | |
| Classification number | 625.7 |
| Author Mark | TFF |
| 100 ## - MAIN ENTRY--PERSONAL NAME | |
| Personal name | FWA, T.F. |
| 9 (RLIN) | 89861 |
| 245 ## - TITLE STATEMENT | |
| Title | HANDBOOK OF HIGHWAY ENGINEERING / |
| Statement of responsibility, etc. | T.F. FAW. |
| 250 ## - EDITION STATEMENT | |
| Edition statement | 1st ED. |
| 260 ## - PUBLICATION, DISTRIBUTION, ETC. | |
| Name of publisher, distributor, etc. | CRC PRESS, |
| Date of publication, distribution, etc. | 2006. |
| 300 ## - PHYSICAL DESCRIPTION | |
| Extent | 2253 P. ; |
| 942 ## - ADDED ENTRY ELEMENTS (KOHA) | |
| Source of classification or shelving scheme | |
| Koha item type | Book |
| Withdrawn status | Lost status | Source of classification or shelving scheme | Damaged status | Not for loan | Permanent Location | Current Location | Date acquired | Total Checkouts | Full call number | Barcode | Date last seen | Price effective from | Koha item type |
|---|---|---|---|---|---|---|---|---|---|---|---|---|---|
| NUST Baluchistan Campus (NBC) | NUST Baluchistan Campus (NBC) | 02/28/2022 | 625.7 TFF | Q-2720 | 02/28/2022 | 02/28/2022 | Book |
